000 00542aas a22001814i 4500
999 _c49676
_d49676
001 768714001
003 CO-MdFUSB
005 20190202100519.0
008 170428s1994 xxu||||| |||| 00| 0 spa d
040 _aCO-MdFUSB
_bspa
_cCO-MdFUSB
_dCO-MdFUSB
041 _aspa
100 1 _aMartínez, José María
_eautor
245 1 0 _aQue conozca a Dios
300 _aVolumen 3, (1993) páginas 5 - 16
_c: 21 cm.
650 0 _aTeología práctica
_9180
773 0 _tAndamio
_049451
_960449
_gVolumen 3, (1993) páginas 5 - 16
_qPágina 5
942 _cANA